01343nab a22002177a 4500003000400000005001700004008004100021040000700062100002700069245010600096260007200202300001300274500003900287505048500326505008900811650002000900650002400920650001800944650003000962773013300992OSt20260114005832.0190605e xxu||||| |||| 00| 0 spa d cPJ aGarcía, Héctor O. 13aFondo de cese de servicios, Ley de Contrato de Trabajo y convenio colectivo /cHéctor O. García.  aCiudad Autónoma de Buenos Aires :bThomson Reuters La Ley,c2024. ap. 35-46 aCita: TR LALEY AR/DOC/3031/2023.  aSumario: I. Introducción: el mandato constitucional.— II. Despido arbitrario y protección de la ley.— III. Panorámica de la protección contra el despido sin causa en el derecho internacional de los derechos humanos.— IV. Sobre la constitucionalidad de la indemnización prevista en el art. 245 LCT y de su eventual sustitución por un sistema de fondo de capitalización.— V. ¿Qué función podría desempeñar el convenio colectivo?— VI. Resumen final.  t¿Te interesa el texto completo? Solicitalo al correo: koha@justierradelfuego.gov.ar 0aDERECHO LABORAL 0aCONTRATO DE TRABAJO 0aINDEMNIZACION 0aINDEMNIZACION POR DESPIDO0 02711dCiudad Autónoma de Buenos Aires : Thomson Reuters La Ley, 1999-2002.tRevista de derecho del trabajo. Nº 1 - Enero 2024